[Event "RN-2011-0-00413"]
[Site "LSS email"]
[Date "2011.10.10"]
[Round "?"]
[White "Chinnock, Andy"]
[Black "Smith, Harry E"]
[Result "0-1"]
[WhiteElo "455"]
[BlackElo "602"]
[PlyCount "41"]
[EventDate "2011.09.21"]
[EventType "tourn (corr)"]
[EventRounds "6"]
[EventCountry "GER"]
[SourceTitle "Telechess CBM 157"]
[Source "ChessBase"]
[SourceDate "2013.11.12"]
[SourceVersion "1"]
[SourceVersionDate "2013.11.12"]
[SourceQuality "1"]

1. e3 d5 2. c3 e6 3. Bb5+ c6 4. Be2 Bd6 5. Nf3 Ne7 6. Ng5 0-0 7. h4 h6 8. Nf3 e5 9. g4 Bxg4 10. d3 Bxf3 11. Bxf3 Nf5 12. e4 Nxh4 13. Nd2 Na6 14. Bh5 Ng6 15. Rg1 Qh4 16. Nb3 b6 17. Nd2 Nf4 18. Nb3 Qh3 19. Bxf4 exf4 20. Nd4 c5 21. Nf5 0-1

[Event "RN-2011-0-00413"]
[Site "LSS email"]
[Date "2011.10.10"]
[Round "?"]
[White "Lebduska, Daniel"]
[Black "Chinnock, Andy"]
[Result "1-0"]
[WhiteElo "684"]
[BlackElo "455"]
[PlyCount "113"]
[EventDate "2011.09.21"]
[EventType "tourn (corr)"]
[EventRounds "6"]
[EventCountry "GER"]
[SourceTitle "Telechess CBM 157"]
[Source "ChessBase"]
[SourceDate "2013.11.12"]
[SourceVersion "1"]
[SourceVersionDate "2013.11.12"]
[SourceQuality "1"]

1. e4 e6 2. Nf3 Nf6 3. Bc4 Nxe4 4. 0-0 d5 5. Bb3 Bd7 6. d3 Nf6 7. Bg5 h6 8. Bh4 g5 9. Bg3 Ng4 10. h3 Nf6 11. Nc3 c6 12. Re1 Nh5 13. Be5 f6 14. Bxb8 Qxb8 15. Nd4 e5 16. Qxh5+ Ke7 17. Nf3 Be8 18. Qg4 Kd8 19. d4 h5 20. Qf5 g4 21. Qxf6+ Be7 22. Qxh8 e4 23. Ne5 Qd6 24. Nf7+ Kd7 25. Ne5+ Kc7 26. Nf7 Qf4 27. Qe5+ Qxe5 28. Nxe5 gxh3 29. gxh3 c5 30. Nxd5+ Kd8 31. Rxe4 Bf8 32. Nf6 Bg7 33. Nxe8 Bxe5 34. Rxe5 Kd7 35. dxc5 Rc8 36. Nf6+ Kc6 37. Bd5+ Kxc5 38. Bxb7+ Kd6 39. Rae1 Rc7 40. Ne8+ Kd7 41. Re7+ Kd8 42. Nxc7 a5 43. Rd1+ Kxe7 44. Nd5+ Ke6 45. c4 h4 46. c5 a4 47. c6 a3 48. bxa3 Ke5 49. c7 Kd6 50. c8Q Ke5 51. Qc7+ Ke4 52. Nc3+ Kf5 53. Be4+ Kg5 54. Rd5+ Kf6 55. Qc6+ Ke7 56. Rd7+ Ke8 57. Qc8# 1-0

[Event "OP-2011-0-01813"]
[Site "LSS email"]
[Date "2011.10.10"]
[Round "?"]
[White "Tutov, Nikolay"]
[Black "Chinnock, Andy"]
[Result "1-0"]
[WhiteElo "1436"]
[BlackElo "455"]
[PlyCount "49"]
[EventDate "2011.10.06"]
[EventType "tourn (corr)"]
[EventRounds "4"]
[EventCountry "GER"]
[SourceTitle "Telechess CBM 157"]
[Source "ChessBase"]
[SourceDate "2013.11.12"]
[SourceVersion "1"]
[SourceVersionDate "2013.11.12"]
[SourceQuality "1"]

1. e3 e6 2. Nf3 c6 3. d4 Qa5+ 4. Nc3 b5 5. Bd3 b4 6. Ne2 Nf6 7. 0-0 Ng4 8. e4 d5 9. e5 f5 10. h3 Nh6 11. Bxh6 gxh6 12. c3 bxc3 13. bxc3 c5 14. c4 cxd4 15. Nexd4 Nd7 16. Nxe6 Nc5 17. cxd5 Nxe6 18. dxe6 Bxe6 19. Nd4 Qxe5 20. Nxe6 Bd6 21. Re1 Qh2+ 22. Kf1 Rb8 23. Qa4+ Ke7 24. Qxa7+ Kf6 25. Qg7# 1-0

[Event "RN-2011-0-00411"]
[Site "LSS email"]
[Date "2011.09.30"]
[Round "?"]
[White "Brough, Carl"]
[Black "Chinnock, Andy"]
[Result "1-0"]
[WhiteElo "852"]
[BlackElo "465"]
[PlyCount "31"]
[EventDate "2011.09.15"]
[EventType "tourn (corr)"]
[EventRounds "6"]
[EventCountry "GER"]
[SourceTitle "Corr 2015"]
[Source "ChessBase"]
[SourceDate "2015.07.17"]
[SourceVersion "1"]
[SourceVersionDate "2015.07.17"]
[SourceQuality "1"]

1. d4 e6 2. c4 a5 3. Nc3 Nc6 4. e4 e5 5. d5 Nce7 6. Nf3 d6 7. Be2 Nf6 8. 0-0 Ng4 9. h3 Nf6 10. Bg5 Ng6 11. Qd2 h6 12. Bxf6 gxf6 13. c5 dxc5 14. Rad1 c6 15. dxc6 Rg8 16. Qxd8# 1-0

[Event "RN-2011-0-00411"]
[Site "LSS email"]
[Date "2011.09.30"]
[Round "?"]
[White "Chinnock, Andy"]
[Black "Dixon, Grant"]
[Result "1-0"]
[WhiteElo "465"]
[BlackElo "423"]
[PlyCount "67"]
[EventDate "2011.09.15"]
[EventType "tourn (corr)"]
[EventRounds "6"]
[EventCountry "GER"]
[SourceTitle "Telechess CBM 149"]
[Source "ChessBase"]
[SourceDate "2012.07.17"]
[SourceVersion "1"]
[SourceVersionDate "2012.07.17"]
[SourceQuality "1"]

1. e3 e5 2. Qf3 Nf6 3. g4 d6 4. g5 Bg4 5. Qg3 h5 6. gxf6 Qxf6 7. Nh3 g5 8. Nc3 Qe6 9. Nxg5 Qd7 10. Nd5 h4 11. Qg1 Qc6 12. Nf6+ Ke7 13. Nge4 Bf5 14. Qg5 Bg6 15. Nd5+ Ke6 16. Nec3 Nd7 17. Bh3+ f5 18. Qxg6+ Nf6 19. Qxf6+ Kd7 20. Qxh8 Ke8 21. Nf6+ Kf7 22. Bxf5 Rd8 23. Be4 Qc4 24. Bxb7 Be7 25. Bd5+ Kg6 26. Qh5+ Kxf6 27. Bxc4 Bf8 28. Nd5+ Ke6 29. Nxc7+ Kd7 30. Qf7+ Kc6 31. Bb5+ Kb6 32. Qd5 Kxc7 33. Qc6+ Kb8 34. Ba6 1-0

[Event "OP-2011-0-01793"]
[Site "LSS email"]
[Date "2011.09.29"]
[Round "?"]
[White "Bienkowski, Alejandro"]
[Black "Chinnock, Andy"]
[Result "1-0"]
[WhiteElo "1646"]
[BlackElo "465"]
[PlyCount "25"]
[EventDate "2011.09.24"]
[EventType "tourn (corr)"]
[EventRounds "4"]
[EventCountry "GER"]
[SourceTitle "Corr 2015"]
[Source "ChessBase"]
[SourceDate "2015.07.17"]
[SourceVersion "1"]
[SourceVersionDate "2015.07.17"]
[SourceQuality "1"]

1. e4 e6 2. d4 Nc6 3. Nf3 h6 4. d5 exd5 5. exd5 Nb8 6. Nc3 d6 7. Bb5+ Bd7 8. Bxd7+ Nxd7 9. 0-0 Ne7 10. Re1 c6 11. dxc6 bxc6 12. Ne4 d5 13. Nd6# 1-0

[Event "RN-2011-0-00411"]
[Site "LSS email"]
[Date "2011.09.29"]
[Round "?"]
[White "Croke, Pat"]
[Black "Chinnock, Andy"]
[Result "0-1"]
[WhiteElo "664"]
[BlackElo "465"]
[PlyCount "40"]
[EventDate "2011.09.15"]
[EventType "tourn (corr)"]
[EventRounds "6"]
[EventCountry "GER"]
[SourceTitle "Telechess CBM 149"]
[Source "ChessBase"]
[SourceDate "2012.07.17"]
[SourceVersion "1"]
[SourceVersionDate "2012.07.17"]
[SourceQuality "1"]

1. e4 e6 2. d4 c6 3. c4 c5 4. d5 e5 5. Nf3 Nf6 6. Nc3 Ng4 7. Bd3 h5 8. Bg5 f6 9. Bh4 g5 10. Bg3 h4 11. Bxe5 fxe5 12. h3 Nf6 13. Nxe5 Bd6 14. Ng6 Kf7 15. Nxh8+ Kg7 16. Ng6 Kxg6 17. e5+ Kf7 18. exf6 Qxf6 19. Ne4 Qe5 20. 0-0 Qh2# 0-1